| 000 | 00462nam a2200169Ia 4500 | ||
|---|---|---|---|
| 008 | 231217s9999 xx 000 0 und d | ||
| 020 | _a81-7625-444-4 | ||
| 041 | _aEnglish | ||
| 082 | _a372.8 SAR;1 R | ||
| 100 | _aSarup and Sons | ||
| 245 | 0 | _aHerbartian methods of teaching Vol.9 | |
| 260 |
_c2004 _bSarup and Sons _aNew Delhi |
||
| 300 | _axv, 214 | ||
| 400 | _aProphets of education a continuing series | ||
| 650 | _aHerbartian,Vol.9 | ||
| 942 | _cAA | ||
| 999 |
_c195087 _d195087 |
||